<?xml version="1.0" encoding="UTF-8"?>
<collection xmlns="http://www.loc.gov/MARC21/slim">
 <record>
  <leader>00917pam a22002418a 4500</leader>
  <controlfield tag="001">00019584</controlfield>
  <controlfield tag="005">20171026081022.0</controlfield>
  <controlfield tag="008">110507s1997                  ||||||Viesd</controlfield>
  <datafield tag="041" ind1="0" ind2="#">
   <subfield code="a">Vie</subfield>
  </datafield>
  <datafield tag="082" ind1="1" ind2="4">
   <subfield code="a">959.703 009</subfield>
   <subfield code="b">NG527T</subfield>
  </datafield>
  <datafield tag="100" ind1="0" ind2="#">
   <subfield code="a">Vĩnh Xuyên</subfield>
  </datafield>
  <datafield tag="245" ind1="0" ind2="0">
   <subfield code="a">Nguyễn Trung Trực</subfield>
   <subfield code="b">Truyền thuyết và huyền thoại</subfield>
   <subfield code="c">Vĩnh Xuyên</subfield>
  </datafield>
  <datafield tag="260" ind1="#" ind2="#">
   <subfield code="a">Kiên Giang</subfield>
   <subfield code="b">Hội nhà văn nghệ thuật Kiên Giang</subfield>
   <subfield code="c">1997</subfield>
  </datafield>
  <datafield tag="300" ind1="#" ind2="#">
   <subfield code="a">38 tr.</subfield>
   <subfield code="c">19 cm.</subfield>
  </datafield>
  <datafield tag="653" ind1="#" ind2="#">
   <subfield code="a">Anh hùng</subfield>
  </datafield>
  <datafield tag="653" ind1="#" ind2="#">
   <subfield code="a">Nhân Vật</subfield>
  </datafield>
  <datafield tag="653" ind1="#" ind2="#">
   <subfield code="a">Nguyễn Trung Trực</subfield>
  </datafield>
  <datafield tag="653" ind1="#" ind2="#">
   <subfield code="a">Lịch sử</subfield>
  </datafield>
  <datafield tag="852" ind1="#" ind2="#">
   <subfield code="j">KD.0004673</subfield>
   <subfield code="j">KM.0003122</subfield>
   <subfield code="j">KM.0003123</subfield>
   <subfield code="j">KM.0003124</subfield>
   <subfield code="j">KM.0003126</subfield>
   <subfield code="j">KM.0003125</subfield>
  </datafield>
  <datafield tag="852" ind1="#" ind2="#">
   <subfield code="b">Kho đọc</subfield>
   <subfield code="j">KD.0004673</subfield>
  </datafield>
  <datafield tag="852" ind1="#" ind2="#">
   <subfield code="b">Kho mượn</subfield>
   <subfield code="j">KM.0003122, KM.0003123, KM.0003124, KM.0003125, KM.0003126</subfield>
  </datafield>
  <datafield tag="910" ind1=" " ind2=" ">
   <subfield code="d">07/05/2011</subfield>
  </datafield>
  <datafield tag="980" ind1="#" ind2="#">
   <subfield code="a">Trung tâm Học liệu Lê Vũ Hùng, Trường Đại học Đồng Tháp</subfield>
  </datafield>
 </record>
</collection>
